Представление документа в формате MARC21

Поле Инд. ПП Название Значение
Тип записи a
Библиографический уровень m
001 Контрольный номер a6faef10-cf77-45ff-af3d-705c59f81e0b
005 Дата корректировки 20230216103147.3
008 Кодируемые данные 080205
040 a Служба первич. каталог. НБ ТвГУ
041 0_ a Код языка текста rus
080 a Индекс УДК 2-1
084 a Индекс другой классификации/Индекс ББК Э211
090 x Авторский знак Г37
a Полочн. индекс Э211
245 10 a Заглавие Генезис секулярного познания: ценностно-мировоззренческая парадигма секуляризма
n Номер части/ раздела Вып. 6
b Продолж. заглавия материалы постоян. действующего науч. семинара
c Ответственность Центр проблем. анализа и гос.-упр. проектирования, Семинар "Гуманитар. наука и высш. ценности Рос. государства" ; [науч. рук., авт. предисл. А. И. Неклесса]
260 0_ a Место издания Москва
b Издательство Науч. эксперт
c Дата издания 2007
300 a Объем 151 с.
b Иллюстрации/ тип воспроизводства ил., портр.
650 04 a Основная рубрика Секуляризм
653 0_ a Ключевые слова Секуляризм
700 1_ a Другие авторы Неклесса Александр Иванович
e Роль лиц науч. рук. семинара, авт. предисл.
852 41 i Расстановочный признак Проверка 2023
920 a Оператор Семен
952 c Вид литературы К рн
954 a Дата поступления на обработку 20080917
e Дата перешифровки 20230216